Les couleurs en 30 secondes - Statistiques

Statistiques générales
  • Ce quiz a été pris 1 134 fois
  • Le résultat moyen est 10 sur 11
Statistiques - réponses
Par images Réponse % Correct
Rouge
100%
Bleu
98%
Jaune
98%
Orange
94%
Vert
94%
Violet
90%
Rose
89%
Marron
83%
Blanc
74%
Noir
72%
Gris
68%
Aucun quiz correspondant
Distribution des résultats
% des personnes avec chaque résultat
Percentile par nombre de réponses
Votre historique - résultats
Vous n’avez pas pris ce quiz